Externá kontrola a hodnotenie škôl v slovenských podmienkach

Bibliographic Details
Main Author: Horváth, Kinga (pedagogička) (Author)
Format: Article
Language:Slovak
ISSN:1335-003X
Subjects:

MARC

LEADER 00000nab a2200000 a 4500
001 vtls010209387
003 SK-MaSNL
005 20260426100948.0
008 250708c2010 xo zr|p|||an |000 b|slo
015 |a SNBRB2011/02 
035 |a (uuid)863f6d24-8e91-4d57-9753-27fac907d804 
035 |a urn:nbn:sk:snk-ab9t9i 
035 |a (urnnbn)urn:nbn:sk:snk:ar-a08s26 
038 |a SPK 
040 |a SNKBUCL  |b slo  |c SNKBUCL  |e AACR2 
041 0 |a slo  |b slo  |b eng 
044 |a xo  |c SK 
072 7 |a 371  |x Školstvo (organizácia)  |2 konspekt 
072 7 |a 3  |x Spoločenské vedy  |2 konspekt 
072 7 |a 37.014  |x Vzdelávacia a výchovná politika  |2 konspekt 
080 |a 373/378:303.094.5  |x (437.6)  |2 2001 
080 |a 37.014.6  |2 2001 
100 1 |a Horváth, Kinga  |c (pedagogička)  |4 aut  |9 19633 
245 1 0 |a Externá kontrola a hodnotenie škôl v slovenských podmienkach  |c Kinga Horváthová 
246 3 1 |a External monitoring and evaluation of schools in the Slovak conditions 
504 |a Bibliogr. odkazy 
546 |a Res. angl., slov. 
650 0 7 |a hodnotenie školy  |2 snkbucl  |9 4124 
650 0 7 |a kontrolná činnosť  |2 snkbucl  |9 72456 
650 0 7 |a školská inšpekcia  |2 snkbucl  |9 70272 
650 0 7 |a zriaďovatelia  |2 snkbucl  |9 275600 
650 0 7 |a občianska kontrola  |2 snkbucl  |9 1574972 
650 0 7 |a školské rady  |2 snkbucl  |9 72149 
650 0 7 |a výskum  |2 snkbucl  |9 4238 
651 7 |a Slovensko  |2 snkbucl  |9 14231 
773 0 |t Technológia vzdelávania  |g Roč. XVIII, č. 9 (2010)  |g Č. 9 (2010), s. 2-8  |x 1335-003X 
773 0 |t Slovenský učiteľ  |g Roč. XVIII, č. 9 (2010)  |g Č. 9 (2010), s. 2-8  |x 1335-003X 
850 |a Slovenská národná knižnica 
852 |a Slovenská národná knižnica 
954 |a odborná, vedecká literatúra pôvodná (slovenská)  |2 lita 
958 |a article13 
958 |a NB 
958 |a OND 
958 |a EUIPO 
999 |c 3213630  |d 3215560